000 01854nam0a2200325 i 4500
001 RU\NLR\bibl\1966398
005 20260405235334.0
010 _a9785422700592
_9500
021 _aRU
_b2012-80483
_95970
035 _a(NLR Aleph) 001955315
090 _a3751299
_c3751299
100 _a20121113d2012 k y0rusy50 ca
101 0 _arus
102 _aRU
105 _ay |||||||||
200 1 _aНаучно-исследовательская, образовательная и информационная деятельность высшей школы на примере социально-экономического образования
_eмонография
_fГ.В. Гедримович, М.В. Ежов, С.М. Климов
_gСанкт-Петербургский ин-т внешнеэкономических связей, экономики и права
210 _aСанкт-Петербург
_cСанкт-Петербургский институт внешнеэкономических связей, экономики и права
_d2012
215 _a382 с.
_d22
320 _aБиблиогр.: с. 342-361 (343 назв.)
606 _aВысшие учебные заведения
_xИнформационное обслуживание
_92301279
_3RU\NLR\auth\661377767
686 _aЧ484(2)7ф2
700 1 _aГедримович
_bГ. В.
_gГертруда Васильевна
_4070
701 1 _4070
_8rus
_7ca
_aЕжов
_bМ. В.
_cд-р ист. наук
_f1957-
_gМихаил Викторович
_3RU\NLR\AUTH\7717937
_91021
701 1 _4070
_8rus
_7ca
_aКлимов
_bС. М.
_cд-р экон. наук
_f1953-
_gСергей Михайлович
_3RU\NLR\AUTH\77108949
_991874
801 0 _aRU
_bNLR
_c20121113
_gRCR
801 1 _aRU
_bNLR
_c20121113
942 _cBOOK
980 _aNBR